00281nam a2200121Ia 4500008004100000100001600041245002300057260002600080300000900106650002000115942000700135999001700142190216s9999||||xx |||||||||||||| ||und|| aSukumaran M 0aVanchikunnam Pathi bPoorna Pubs Kozhikode a232p aMalayalam Novel cBK c26578d26578